El Ministro de industrias /
Na minha lista:
| Autor principal: | |
|---|---|
| Formato: | Texto |
| Assuntos: | |
| Tags: |
Adicionar Tag
Sem tags, seja o primeiro a adicionar uma tag!
|
MARC
| LEADER | 00000 a a2200000 04500 | ||
|---|---|---|---|
| 001 | 2672 | ||
| 003 | |||
| 040 | |||
| 100 | |a Oltuski, Enrique | ||
| 245 | |a El Ministro de industrias / |c Enrique Oltuski | ||
| 650 | |a ASPECTOS POLITICOS | ||
| 650 | |a ASPECTOS SOCIALES | ||
| 650 | |a MINISTERIOS | ||
| 650 | |a INDUSTRIA AGRICOLA | ||
| 650 | |a REFORMA AGRARIA | ||
| 650 | |a IDEOLOGIAS POLITICAS | ||
| 650 | |a PRODUCCION AGRICOLA | ||
| 650 | |a TECNOLOGIA | ||
| 650 | |a CUBA | ||
| 773 | |g volumen 47, número 251; páginas 99-105 | ||
| 999 | |c 21222 |d 21222 | ||
